| 000 | 00599nam a2200181 a 4500 | ||
|---|---|---|---|
| 005 | 20210219160400.0 | ||
| 008 | 081028s1980 mx r 000 0 spa d | ||
| 035 | _aUPN01000164438 | ||
| 049 | _aUNE | ||
| 080 | _a378.141 (87) KLU. | ||
| 100 | 1 | _aKlubitschko, Doris | |
| 245 | 1 | 3 |
_aEl OrĂgen social de los estudiantes universitarios ; el caso de Venezuela / _cDoris Klubitschko. |
| 260 |
_aCaracas, Venezuela : _bCRESALC, _c1980. |
||
| 300 |
_a73 p. ; _bcuadr. |
||
| 440 | 0 | _aCRESALC. Documento de trabajo | |
| 690 | _aCondicion social- Estudiantes universitarios- Venezuela | ||
| 905 | _aUNESCO | ||
| 999 |
_c136550 _d136550 |
||